Tending to Virginia

Bibliographic Details
Main Author: McCorkle, Jill
Format: Book
Published: London : Jonathan Cape , 1987

MARC

LEADER 00000cam a2200000 7i4500
001 0000000860
002 000000963
005 20000330.0
020 |a 0224025821 
090 0 0 |a F   |b MCC 
100 1 |a McCorkle, Jill 
245 1 0 |a Tending to Virginia   |c Jill McCorkle 
260 |a London :   |b Jonathan Cape ,   |c 1987 
300 |a 312 p. ;   |c 22 cm. 
999 |a 030129   |b BUKU   |c PINJAMAN   |e PERPUSTAKAAN KOMUNITI PETALING JAYA